Η προσφορά των ανοιχτών νηολογίων στη συνεισφορά της εθνικής οικονομίας : σύγκριση Κύπρου - Μάλτας : [διπλωματική εργασία]

Αποθηκεύτηκε σε:
Λεπτομέρειες βιβλιογραφικής εγγραφής
Κύριος συγγραφέας: Λαζάρου, Φωτεινή
Συγγραφή απο Οργανισμό/Αρχή: Πανεπιστήμιο Αιγαίου Σχολή Επιστημών της Διοίκησης Τμήμα Ναυτιλίας και Επιχειρηματικών Υπηρεσιών - Τ.Ν.Ε.Υ
Άλλοι συγγραφείς: Λεκάκου, Μαρία (dgsf [Επιβλέπουσα καθηγήτρια])
Μορφή: Thesis Βιβλίο
Γλώσσα:Greek
Δημοσίευση: 2014.
Θέματα:
Διαθέσιμο Online:http://hdl.handle.net/11610/9609
Ετικέτες: Προσθήκη ετικέτας
Δεν υπάρχουν, Καταχωρήστε ετικέτα πρώτοι!

MARC

LEADER 00000cam a2200000 a 4500
001 1/112606
008 170109s2014####gr | ||| |||| ||gre||
040 |a GR-MyUa  |b gre  |c GR-MyUa  |e AACR2 
041 0 |a gre 
082 7 |a 387.20216   |2 (23)  
100 1 |a Λαζάρου, Φωτεινή. 
245 1 2 |a Η προσφορά των ανοιχτών νηολογίων στη συνεισφορά της εθνικής οικονομίας :   |b σύγκριση Κύπρου - Μάλτας : [διπλωματική εργασία] /   |c Λαζάρου Φωτεινή ; επιβλέπουσα καθηγήτρια Μαρία Λεκάκου.  
260 |c 2014.  
300 |a 37 σ. :   |b διαγρ. ;   |c 30 εκ.  
502 |a Πτυχιακή εργασία - Πανεπιστήμιο Αιγαίου, Χίος, 2014.  
504 |a Περιλαμβάνει βιβλιογραφία.  
650 0 |a Ship registers. 
650 0 |a Shipping companies (Marine transportation) 
650 0 |a Flags of convenience. 
700 1 |a Λεκάκου, Μαρία,  |e dgsf [Επιβλέπουσα καθηγήτρια] 
710 1 |a Πανεπιστήμιο Αιγαίου  |b Σχολή Επιστημών της Διοίκησης  |b Τμήμα Ναυτιλίας και Επιχειρηματικών Υπηρεσιών - Τ.Ν.Ε.Υ. 
852 |a INST  |b CHIOS  |c DIATR  |e 20170109  |h 387.20216 ΛΑΖ  |p 005200036875  |q 005200036875  |t DIE  |y 23 
852 |a INST  |b CHIOS  |c DIATR  |e 20170109  |h 387.20216 ΛΑΖ  |p 005200036876  |q 005200036876  |t DIE  |y 23 
856 |u http://hdl.handle.net/11610/9609  
924 |a Λαζάρου  |b Φωτεινή  |y Χίος  |z 2014-06 
970 |a Παροικάκη  |b Βασιλική  |z 09-01-2017